James Monroe Cabinet - Statistics

General Stats
  • This quiz has been taken 10 times
  • The average score is 4 of 8
Answer Stats
Hint Answer % Correct
Sec. of State(1817-1825) John Quincy Adams
100%
Sec. of Treasury(1817-1825) William H. Crawford
75%
Sec. of War(1817-1825) John C. Calhoun
50%
AG(1817) Richard Rush
50%
AG(1817-1825) William Wirt
50%
Sec. of Navy(1817-1818) Benjamin W. Crowninshield
25%
Sec. of Navy(1823-1825) Samuel L. Southard
0%
Sec. of Navy(1819-1823) Smith Thompson
0%
No matching quizzes found
Score Distribution
Percent of People with Each Score
Percentile by Number Answered
Your Score History
You have not taken this quiz